| 000 | 00647nam a2200229Ia 4500 | ||
|---|---|---|---|
| 003 | OSt | ||
| 005 | 20220928114527.0 | ||
| 006 | a|||||r|||| 00| 0 | ||
| 007 | ta | ||
| 008 | 220927b |||||||| |||| 00| 0 eng d | ||
| 024 | _a29588 | ||
| 037 | _cTextual | ||
| 040 |
_aSDCL _cSDCL _beng |
||
| 041 |
_2eng _aeng |
||
| 082 | _aX:935.73'N8, M2 | ||
| 100 |
_aStanton Erwin S _9439419 |
||
| 245 | 0 |
_aReality-centered people management _b Key to improved productivity |
|
| 260 |
_aNew York _b Amacom _c1982 |
||
| 300 |
_ax,150p _ccm. |
||
| 942 |
_hX:935.73'N8, M2 _cTEXL _2CC |
||
| 999 |
_c755114 _d755114 |
||